| 000 | 01191cam a22003614a 4500 | ||
|---|---|---|---|
| 003 | OSt | ||
| 005 | 20140310184525.0 | ||
| 008 | 020226s2002 nyua b 000 0 eng | ||
| 010 | _a 2002002205 | ||
| 020 | _a0439389011 (pbk.) | ||
| 035 | _a(DLC) 2002002205 | ||
| 040 |
_aDLC _cDLC _dDLC |
||
| 042 |
_apcc _alcac |
||
| 050 | 0 | 0 |
_aQA 117 _b.P148 2002 |
| 100 | 1 |
_aPallotta, Jerry. _926793 |
|
| 245 | 1 | 0 |
_aApple fractions / _cJerry Pallotta ; illustrated by Rob Bolster. |
| 260 |
_aNew York : _bScholastic, _c2002. |
||
| 300 |
_a32 p. : _bcol. ill. ; _c23 cm. |
||
| 521 | _aG2 | ||
| 526 | _c490 | ||
| 650 | 0 |
_aFractions _vJuvenile literature. _930210 |
|
| 650 | 0 |
_aApples _vJuvenile literature. _930211 |
|
| 650 | 1 |
_aFractions. _930212 |
|
| 650 | 1 |
_aApples. _923397 |
|
| 700 | 1 |
_aBolster, Rob, _eill. _930213 |
|
| 856 | 4 | 2 |
_3Publisher description _uhttp://www.loc.gov/catdir/description/schol051/2002002205.html |
| 906 |
_a7 _bcbc _corignew _d1 _eecip _f20 _gy-gencatlg |
||
| 942 |
_2lcc _cBK-SCHOLAS |
||
| 999 |
_c35121 _d35121 |
||